| 000 | 00402nam a2200169Ia 4500 | ||
|---|---|---|---|
| 008 | 230524s9999 xx 000 0 und d | ||
| 020 | _a817808340X | ||
| 082 |
_a5.74 _bSTE |
||
| 100 | _aW.Richard Stevens | ||
| 245 | 0 | _aTCP/ IP IllustratedVol-III | |
| 250 | _a4TH | ||
| 260 |
_aSINGAPORE _bPearson _c2001 |
||
| 300 | _aXIX;328 | ||
| 500 | _aQuantity Number: 2 | ||
| 650 | _aComp-Sc | ||
| 942 | _cBK | ||
| 999 |
_c24612 _d24612 |
||